Países con presencia del Imperio Español - Estadísticas

Estadísticas generales
  • Esta prueba ha sido intentada 72 veces
    63 desde el último reinicio
  • La puntuación promedio es 49 de 59
Respuestas en el mapa
Las respuestas están codificadas por una escala verde-roja en el mapa de la prueba según el % correcto abajo.
 
Estadísticas de respuestas
Respuesta % Correcto
Cuba
98%
España
98%
Estados Unidos
98%
Francia
98%
Italia
98%
México
98%
Portugal
98%
Argentina
96%
Bolivia
96%
Brasil
96%
Chile
96%
Colombia
96%
Ecuador
96%
El Salvador
96%
Filipinas
96%
Honduras
96%
Marruecos
96%
Panamá
96%
Paraguay
96%
Perú
96%
Uruguay
96%
Venezuela
96%
Costa Rica
94%
Guatemala
94%
Guinea Ecuatorial
94%
Haití
94%
Argelia
93%
Bélgica
93%
Canadá
93%
Países Bajos
93%
República Dominicana
93%
Belice
91%
Guyana
89%
Nicaragua
89%
Túnez
89%
Bahamas
83%
Jamaica
83%
Indonesia
78%
Trinidad y Tobago
74%
Barbados
70%
Malasia
69%
Mauritania
69%
Micronesia
69%
Antigua y Barbuda
67%
Granada
67%
Papúa Nueva Guinea
67%
Islas Salomón
65%
Luxemburgo
65%
Islas Marshall
63%
Japón
63%
Camboya
61%
Palaos
61%
Camerún
59%
Taiwán
59%
Vanuatu
57%
Brunéi
56%
San Cristobal y Nieves
56%
Somalia
46%
Eritrea
44%
No se encontraron pruebas coincidentes
Distribución de puntuación
Porcentaje de gente con cada puntuación
Porcentaje por número respondido
Historial de tus puntuaciones
No has intentado esta prueba desde el último reinicio